000 00515nam a22001817a 4500
005 20251108163340.0
008 250721s1992 xx 000 0 ara d
082 1 4 _a210.4301412/محم
100 1 _aالغزالي، محمد
245 1 0 _aقضايا المرأة بين التقاليد الراكدة الوافدة /
250 _aط4.
264 1 _aبيروت :
_bدار الشروق،
_c1992.
300 _a222ص.
650 1 7 _aالمرأة
650 1 7 _aالإسلام
942 _2ddc
_cBK
999 _c423
_d423